|
|
|
|
| LEADER |
00786cam a2200205 7i4500 |
| 001 |
0000036304 |
| 005 |
20170218090000.0 |
| 020 |
|
|
|a 9789833927869 (pbk.)
|
| 090 |
0 |
0 |
|a P92.M3
|b I82 2008
|
| 245 |
0 |
0 |
|a Isu-isu komunikasi di Malaysia :
|b aplikasi penelitian empiri
|c penyelenggara, Che Su Mustaffa, Hassan Abu Bakar, Bahtiar Mohama.
|
| 260 |
|
|
|a Kuala Lumpur:
|b Prentice Hall,
|c 2008.
|
| 300 |
|
|
|a 392 p.:
|b ill.;
|c 27 cm.
|
| 650 |
0 |
0 |
|a Communication --
|z Malaysia
|
| 650 |
0 |
0 |
|a Mass media --
|z Malaysia
|
| 700 |
0 |
|
|a Bahtiar Mohamad
|
| 700 |
0 |
|
|a Che Su Mustaffa
|
| 700 |
0 |
|
|a Hassan Abu Bakar
|
| 997 |
|
|
|a Communication, Visual Art & Computing, Faculty
|b Communication, Department
|
| 998 |
|
|
|a Media & Communication, Diploma
|
| 999 |
|
|
|a 0000049233
|b BOK
|c OPEN SHELF
|e 1st Floor, Bestari Jaya
|